Διερεύνηση εγκατάστασης φωτοβολταϊκού συστήματος σε μια μονοκατοικία : πτυχιακή εργασία
Αποθηκεύτηκε σε:
| Κύριος συγγραφέας: | |
|---|---|
| Συγγραφή απο Οργανισμό/Αρχή: | |
| Μορφή: | Thesis Βιβλίο |
| Γλώσσα: | Greek |
| Δημοσίευση: |
2013
|
| Θέματα: | |
| Διαθέσιμο Online: | http://hdl.handle.net/11610/10377 |
| Ετικέτες: |
Προσθήκη ετικέτας
Δεν υπάρχουν, Καταχωρήστε ετικέτα πρώτοι!
|
MARC
| LEADER | 00000cam a2200000 i 4500 | ||
|---|---|---|---|
| 001 | 1/54405 | ||
| 008 | 140901s2013 gre d | ||
| 035 | |l 10118836 | ||
| 040 | |a GR-MY-UA |b gre |e aacr | ||
| 041 | 0 | |a gre | |
| 082 | 0 | |a 621.47 |2 (22) | |
| 100 | 1 | |a Κουτούβαλη, Χαραλαμπία-Μαρία. | |
| 245 | 1 | 0 | |a Διερεύνηση εγκατάστασης φωτοβολταϊκού συστήματος σε μια μονοκατοικία : |b πτυχιακή εργασία / |c Κουτούβαλη Χαραλαμπία-Μαρία ; [επιβλέπων: Χαραλαμπόπουλος Δίας] |
| 260 | |c 2013 | ||
| 300 | |a 184 σ.; |b πίν.; |c 30 εκ. | ||
| 502 | |a Πτυχιακή εργασία – Πανεπιστήμιο Αιγαίου, Λέσβος, 2013. | ||
| 504 | |a Βιβλιογραφία: σ. 140-150, παράρτημα | ||
| 650 | 0 | 0 | |a Photovoltaic power systems |x Design and construction. |
| 650 | 0 | 0 | |a Photovoltaic power systems |x Economic aspects |z Greece. |
| 650 | 0 | 0 | |a Photovoltaic power generation. |
| 650 | 0 | 0 | |a Solar energy |x Cost effectiveness. |
| 650 | 0 | 0 | |a Buildings |x Energy conservation. |
| 650 | 0 | 0 | |a Dissertations, Academic |z Greece. |
| 700 | 1 | |a Χαραλαμπόπουλος, Δίας, |e dgs | |
| 710 | 2 | |a Πανεπιστήμιο Αιγαίου. |b Σχολή Περιβάλλοντος. |b Τμήμα Περιβάλλοντος. | |
| 852 | |a INST |b LESVOS |c DIATR |e 20140901 |h 1535 |p 005100055432 |q 005100055432 |t DIE |y 23 | ||
| 852 | |a INST |b LESVOS |c DIATR |e 20140901 |h 1536 |p 005100055433 |q 005100055433 |t DIE |y 23 | ||
| 856 | |u http://hdl.handle.net/11610/10377 | ||
| 901 | |a BIBL1-2014-3 | ||
| 909 | |a Λ |b 190416 | ||
| 909 | |a Λ |b 190417 | ||
| 924 | |a ΚΟΥΤΟΥΒΑΛΗ |b ΧΑΡΑΛΑΜΠΙΑ-ΜΑΡΙΑ |y ΛΕΣΒΟΣ |z 2013-01 | ||
| 970 | |a ΤΖΑΦΕΡΗ |b ΕΥΑΓΓΕΛΙΑ |z 2014/09/01 | ||